000 00293nam a2200121Ia 4500
008 140130s9999 xx 000 0 und d
245 _cGray, Elizabeth Janet
_aAdam of the road
260 _bScholastic,
_c1942
440 _v1
521 _aGrade 7 - Grade 12
942 _cBK
999 _c41370
_d41370